Is under over? (Record no. 82820)

MARC details
000 -LEADER
fixed length control field 00981cab a22001935a 4500
001 - CONTROL NUMBER
control field L151552
008 - FIXED-LENGTH DATA ELEMENTS--GENERAL INFORMATION
fixed length control field 101116e20101105xxk 000 0 eng d
035 ## - SYSTEM CONTROL NUMBER
System control number (Sirsi) u151552
041 0# - LANGUAGE CODE
Language code of text/sound track or separate title eng
100 1# - MAIN ENTRY--PERSONAL NAME
Personal name Johnstone, Nick
245 00 - TITLE STATEMENT
Title Is under over?
260 ## - PUBLICATION, DISTRIBUTION, ETC.
Date of publication, distribution, etc. 2010
490 #0 - SERIES STATEMENT
Series statement Property Week
Volume/sequential designation 76(44) 5 November 2010, 80-81 (2)
520 ## - SUMMARY, ETC.
Summary, etc. Postgraduate conversion courses in property related subjects are becoming more popular at the expense of the traditional undergraduate property degree, a trend that is likely to strengthen with the introduction of higher tuition fees probably in September 2012. Browne's review emphasises part-time study and distance learning as ways of reducing costs of professional higher education. Students will look more carefully at the employment investment potential of courses.
590 ## - LOCAL NOTE (RLIN)
Local note KA
651 #4 - SUBJECT ADDED ENTRY--GEOGRAPHIC NAME
Geographic name United Kingdom
Chronological subdivision
690 ## - LOCAL SUBJECT ADDED ENTRY--TOPICAL TERM (OCLC, RLIN)
Topical term or geographic name as entry element CAREERS, EDUCATION AND TRAINING-QUALIFICATION ROUTES-RICS ACCREDITED COURSES
942 ## - ADDED ENTRY ELEMENTS (KOHA)
Suppress in OPAC 0
Holdings
Withdrawn status Lost status Source of classification or shelving scheme Damaged status Not for loan Home library Current library Shelving location Date acquired Total Checkouts Full call number Barcode Date last seen Copy number Price effective from Koha item type
    Dewey Decimal Classification     London London Journal article 16/11/2010   L151552 151552-1001 06/08/2019 1 06/08/2019 Journal article